Holendrzy w Manchesterze United - Statystyki

Ogólne statystyki
  • Ten quiz został rozwiązany 68 razy
  • Średni wynik to 5 z 10
Answers on the Grid
Answers color-coded by a green-red scale on the quiz's grid according to % correct below.
Jaap Stam
Edgar Davids
Ed de Goey
Nigel de Jong
Matthijs de Ligt
Ruud Van Nistelrooy
Giovanni van Bronckhorst
Jordi Cruyff
Rafael van der Vaart
Robin Van Persie
Edwin Van Der Sar
Jimmy Floyd Hasselbaink
Raimond van der Gouw
Pierre van Hooijdonk
Memphis Depay
Ruud Gullit
Tyrell Malacia
Alexander Büttner
Danny Blind
Dirk Kuyt
 
Statystyki odpowiedzi
Odpowiedź % Poprawnych
Jaap Stam
82%
Matthijs de Ligt
78%
Ruud Van Nistelrooy
78%
Edwin Van Der Sar
75%
Robin Van Persie
71%
Memphis Depay
63%
Tyrell Malacia
55%
Jordi Cruyff
20%
Alexander Büttner
16%
Raimond van der Gouw
12%
Nie znaleziono quizów pasujących do podanych kryteriów
Rozkład punktacji
Procent ludzi z każdym wynikiem
Percentyl według liczby udzielonych odpowiedzi
Twoja historia wyników
Nie rozwiązałeś tego quizu